| 000 | 00679nam a2200217 a 4500 | ||
|---|---|---|---|
| 001 | 42920 | ||
| 003 | BD-RjUL | ||
| 005 | 20211209053622.0 | ||
| 008 | 160618s1960 enka b 001 0 eng d | ||
| 035 | _a(BD-RjUL)43038 | ||
| 040 |
_aANL _beng _cANL _dBD-RjUL |
||
| 041 | _aeng | ||
| 082 | 0 | 4 |
_a307.1142 _223 _bBEE 1960 |
| 100 | 1 |
_aBeveridge, Janet _d1876-1959. _9131811 |
|
| 245 | 1 | 3 |
_aAn epic of Clare Market : _bbirth and early days of the London School of Economics / _cJanet Beveridge |
| 260 |
_aLondon, _bBell, _c1960, |
||
| 300 |
_axiii, 98 p. : _bill ; _c23 cm. |
||
| 500 | _aindex | ||
| 610 | 2 | 0 |
_aLondon School of Economics and Political Science. _9131813 |
| 942 |
_2ddc _cBK |
||
| 999 |
_c42920 _d42920 |
||